000
00304nam a2200121Ia 4500
008
220204s9999 xx 000 0 und d
082
_a
065
_b
NOR
100
_a
Northcote, Parkinson C
245
0
_a
Excellence in management
260
_a
Bombay
_b
India Book
_c
1978
700
_a
Rustomji, M K
942
_c
BK
999
_c
31085
_d
31085